Ústavní právo a státověda. I. díl, Obecná státověda /

Saved in:
Bibliographic Details
Main Authors Pavlíček, Václav, 1934- (Author), Jirásková, Věra, 1951- (Author)
Format Book
LanguageCzech
Published Praha : Leges, 2026
Edition4. aktualizované vydání
SeriesStudent (Leges)
Subjects
ISBN978-80-7502-845-7
Physical Description552 stran ; 21 cm

Cover

LEADER 00000nam a2200000 i 4500
001 115858
003 CZ-ZlUTB
005 20260629083456.0
007 ta
008 260303s2026 xr f 001 0 cze
015 |a cnb003743533 
020 |a 978-80-7502-845-7  |q (brožováno) 
040 |a ABA001  |b cze  |d BOA001  |e rda 
072 7 |a 342  |x Ústavní právo. Správní právo  |2 Konspekt  |9 16 
080 |a 342  |2 MRF 
080 |a 321.01  |2 MRF 
080 |a (048.8:082)  |2 MRF 
100 1 |a Pavlíček, Václav,  |d 1934-  |7 jk01092098  |4 aut 
245 1 0 |a Ústavní právo a státověda.  |n I. díl,  |p Obecná státověda /  |c Václav Pavlíček, Věra Jirásková a kolektiv 
246 3 0 |a Obecná státověda 
250 |a 4. aktualizované vydání 
264 1 |a Praha :  |b Leges,  |c 2026 
300 |a 552 stran ;  |c 21 cm 
336 |a text  |b txt  |2 rdacontent 
337 |a bez média  |b n  |2 rdamedia 
338 |a svazek  |b nc  |2 rdacarrier 
490 1 |a Student 
504 |a Obsahuje bibliografické odkazy a rejstřík 
650 0 7 |a ústavní právo  |7 ph116908  |2 czenas 
650 0 7 |a státověda  |7 ph116312  |2 czenas 
650 0 9 |a constitutional law  |2 eczenas 
650 0 9 |a theory of the state  |2 eczenas 
655 7 |a kolektivní monografie  |7 fd501537  |2 czenas 
655 9 |a collective monographs  |2 eczenas 
700 1 |a Jirásková, Věra,  |d 1951-  |7 jn20000710102  |4 aut 
710 2 |a Nakladatelství Leges  |7 xx0226857  |4 pbl 
830 0 |a Student (Leges) 
910 |a ZLD002 
942 |2 udc 
952 |0 0  |1 0  |4 0  |6 34PAVLÍČEKV  |7 -1  |8 BOOK  |9 191716  |a UTBZL  |b UTBZL  |c 005  |d 2026-06-29  |l 0  |o 34/PAVLÍČEK,V,  |p 420010202171  |r 2026-06-29 08:35:41  |v 760.00  |w 2026-06-29  |x N:nákup  |y 01 
992 |a BK  |b SKNEW 
999 |c 115858  |d 115858